| 000 | 01226nam a22002777a 4500 | ||
|---|---|---|---|
| 003 | EG-ScBUE | ||
| 005 | 20221009115041.0 | ||
| 008 | 141204s2013 ua fo f b 001 0 ara d | ||
| 017 | _a2013 / 1687 | ||
| 020 | _a9789774481697 | ||
| 040 |
_aEG-ScBUE _bara _erda _cEG-ScBUE _dEG-ScBUE |
||
| 082 | 0 | 4 |
_222 _bع ك ا _a709.02 |
| 100 | 1 |
_aعكاشة، ثروت محمود، _d1921-2012، _eمؤلف. _936810 |
|
| 245 | 1 | 0 |
_aفنون العصور الوسطى : _bدراسة. _nالجزء الثاني عشر / _cد. ثروت عكاشة. |
| 250 | _aالطبعة الثانية. | ||
| 264 | 1 |
_aالقاهرة : _bالهيئة المصرية العامة للكتاب، _c2013. |
|
| 300 |
_a310 صفحة : _bصور، لوحات ؛ _c28 سم. |
||
| 490 | 0 |
_aموسوعة تاريخ الفن. _aالعين تسمع والأذن ترى |
|
| 504 | _aيشتمل على إرجاعات ببليوجرافية وكشافات. | ||
| 590 | _aالمكتبة يتوافر بها : ج. 12. | ||
| 650 | 7 |
_aالعمارة _xتاريخ _yالعصور الوسطى. _2BUEsh _936812 |
|
| 653 |
_bARALIT _cDecember2014 |
||
| 655 | _vReading book | ||
| 830 | 0 |
_aموسوعة تاريخ الفن. _pالعين تسمع و الأذن ترى |
|
| 942 | _2ddc | ||
| 999 |
_c18724 _d18696 |
||